000 00817cab a22002295a 4500
001 L157928
008 130724e20130720xxk 000 0 eng d
035 _a(Sirsi) u157928
041 0 _aeng
100 1 _aThame, David
245 0 0 _aFocus
_bLeisure
260 _c2013
490 _aEstates Gazette
_v(1329) 20 July 2013, 59-78(19)
520 _aIncludes information on restaurants including the increasing popularity of those at the top of skyscrapers. Also features on hotels, gyms and public houses where a new interpretation of the UK's licensing laws has given the go ahead to pub chains opening on motorways.
590 _aKA
651 4 _aUnited Kingdom
690 _aCommercial property
_96227
700 1 _aHarris, David
700 1 _aPio Kivlehan, Noella
700 1 _aWehner, Piers
942 _n0
999 _c84490
_d84490